Animal Alphabet Picture 16 - Statistics

General Stats
  • This quiz has been taken 12 times
  • The average score is 20 of 26
Answer Stats
Picture Hint Answer % Correct
A Alligator
100%
B Bobcat
100%
C Cat
100%
D Duck
100%
E Eagle
100%
F Flamingo
100%
H Hedgehog
100%
I Iguana
100%
J Jaguar
100%
K Kiwi
100%
L Llama
100%
M Mouse
100%
S Seal
100%
T Toucan
100%
R Roadrunner
91%
W Worm
91%
Y Yellow Jacket
82%
G Gazelle
64%
Z Zebra Butterfly
55%
O Okapi
36%
P Parrotfish
36%
N Numbat
27%
Q Quetzal
27%
U Uaru
18%
V Vireo
18%
X Xenops
18%
No matching quizzes found
Score Distribution
Percent of People with Each Score
Percentile by Number Answered
Your Score History
You have not taken this quiz